000 01949nam a2200313 4500
001 113843
003 DR-UNIBE
005 20250709084628.0
008 250708b2013 dr ||||| |||| 00| 0 spa d
040 _aBIBLIOTECA UNIBE
_bspa
_cBIBLIOTECA UNIBE
_erda
041 _aspa
082 _222
_a RD 372.6 M777ct
100 1 0 _aMontenegro, Liliana
_955076
100 1 0 _aRosario, Yenny
_9197091
_eautor
100 1 0 _aCamacho, Virgen
_9197090
_eautor
245 1 0 _aCuaderno de trabajo de lengua española:
_b3er grado /
_cLiliana Montenegro, Virgen Camacho, Jenny Acevedo [y otro ]
250 _aPrimera edición
260 _a Santo Domingo:
_bPontificia Universidad Católica Madre y Maestra (PUCMM) :
_bMinisterio de Educación (MINERD):
_bAgencia Internacional para el Desarrollo de los Estados Unidos(USAID),
_c 2013
300 _a158 páginas :
_b ilustraciones a color;
_c27 x 21 cm
500 _aEste cuaderno de trabajo contiene ejercicios de aplicación e las guías "Talleres integrados de lectoescritura" para tercer grado de la escuela básica
505 _aIntroducción | Cuaderno de ejercicio para la guía 1 "Textos narrativos" | Cuaderno de ejercicio para la guía 2 "Textos funcionales; instructivos, diccionarios y guía telefónica" | Cuaderno de ejercicio para la guía 3 "Textos literarios; fábulas, cuentos, teatro y leyendas" | Cuaderno de ejercicio para la guía 4 "Textos periodísticos"
650 7 _2lemb
_a Español
_vCuaderno de trabajo
_x Enseñanza
_xEducación primaria
_9197185
700 1 0 _aRosario, Yenny
_9197091
_eautor
700 1 0 _aOlloqui, Marta de
_9196988
_ediseñador
_ediagramador
_eilustrador
700 1 0 _aCantera, Santiago Pablo
_9197094
_ediseñador
_ediagramador
_eilustrador
700 1 0 _aGonzález, Sebastían B.
_9197093
_ediseñador
_ediagramador
_eilustrador
710 1 0 _aPrograma Escuelas Efectivas-Lengua Española (PEF-LE)
_9197095
_ecolaboración lingüística y pedagógica
942 _2ddc
_cBK
999 _c113843
_d113843